Příslib /

Hlavní autor: Urbanová, Marta, 1939-2024
Jazyk: Čeština
Vydáno: Jindřichův Hradec : [Epika, 2011?]
Vydání: 2., rozš. vyd.
Témata:
Fyzický popis: 128 s. ; 20 cm
Knihy
Uloženo v:
LEADER 01030nam a2200337 a 4500
001 nkc20112255601
003 CZ PrNK
005 20130304142631.0
007 ta
008 111123s2011 xr g 000 f cze
015 |a cnb002255601 
020 |a 978-80-87435-06-9  |q (Jan Medek ;  |q váz.) 
035 |a (OCoLC)773173076 
040 |a ABA001  |b cze 
072 7 |a 821.162.3-3  |x Česká próza  |2 Konspekt  |9 25 
080 |a 821.162.3-32  |2 MRF 
080 |a (0:82-32)  |2 MRF 
100 1 |a Urbanová, Marta,  |d 1939-2024  |7 jk01140894  |4 aut 
245 1 0 |a Příslib /  |c Marta Urbanová 
250 |a 2., rozš. vyd. 
260 |a Jindřichův Hradec :  |b [Epika,  |c 2011?] 
300 |a 128 s. ;  |c 20 cm 
550 |a Vydavatel: Jan Medek 
655 7 |a české novely  |7 fd133969  |2 czenas 
655 9 |a Czech novellas  |2 eczenas 
910 2 |a BOA001  |b 1-1300.333 
928 9 |a Jan Medek 
990 |a BK 
995 |a 01 
991 |b 201303  |e b 
996 6 |b 2610538676  |c 1-1300.333  |l MZK  |r Sklad / do 1 hodiny  |n 0  |p p.v.  |w 001313353  |u 000010  |a 1  |e BOA001  |j MZK50  |s P